LEADER 00852nam0-2200313---450- 001 990010045900403321 005 20160225093701.0 010 $a9788815255549 035 $a001004590 035 $aFED01001004590 035 $a(Aleph)001004590FED01 035 $a001004590 100 $a20160225d2015----km-y0itay50------ba 101 0 $aita 102 $aIT 105 $a--------001yy 200 1 $aBeyond the mask$eethnographies of populist parties$fedited by Marc Abélès, Lynda Dematteo 210 $aBologna$cil Mulino$d2015 215 $a195 p.$d24 cm 225 1 $aEtnografia e ricerca qualitativa$v8 610 0 $aEtnografia 676 $a306.01$v22$zita 702 1$aAbélès,$bMarc 801 0$aIT$bUNINA$gRICA$2UNIMARC 901 $aBK 912 $a990010045900403321 952 $a306.01 ABE 1$fBFS 959 $aBFS 997 $aUNINA LEADER 02723nas 2200937-a 450 001 996203161003316 005 20230406213018.0 011 $a1573-3645 035 $a(OCoLC)44514030 035 $a(CKB)954927714343 035 $a(CONSER)--2008233586 035 $a(EXLCZ)99954927714343 100 $a20000630a19899999 s-- - 101 0 $aeng 135 $aurmnu|||||||| 181 $ctxt$2rdacontent 182 $cc$2rdamedia 183 $acr$2rdacarrier 200 10$aJournal of medical humanities 210 $a[New York, N.Y.] $cHuman Sciences Press 210 1$c[New York, N.Y.] :$cSpringer 300 $aRefereed/Peer-reviewed 311 $a1041-3545 531 $aJ MED HUMANIT 531 $aTHE JOURNAL OF MEDICAL HUMANITIES 531 $aJOURNAL OF MEDICAL HUMANITIES 531 1 $aJ. med. humanit. 606 $aMedicine and the humanities$vPeriodicals 606 $aMedical ethics$vPeriodicals 606 $aBioethics 606 $aHumanities 606 $aBioethics$vPeriodicals 606 $aBioethics 606 $aEthics, Medical 606 $aHumanities 606 $aÉthique médicale$vPériodiques 606 $aBioéthique$vPériodiques 606 $aMédecine et sciences humaines$vPériodiques 606 $aBioéthique 606 $aÉthique médicale 606 $aSciences humaines 606 $ahumanities$2aat 606 $aMedical Humanities$2ebps 606 $aHumanities$2fast$3(OCoLC)fst00963588 606 $aBioethics$2fast$3(OCoLC)fst00832038 606 $aMedical ethics$2fast$3(OCoLC)fst01014081 606 $aMedicine and the humanities$2fast$3(OCoLC)fst01015158 606 $aGeneeskunde$2gtt 606 $aZiekten$2gtt 606 $aCultuur$2gtt 606 $aSociale aspecten$2gtt 608 $aPeriodicals.$2fast 615 0$aMedicine and the humanities 615 0$aMedical ethics 615 0$aBioethics. 615 0$aHumanities. 615 0$aBioethics 615 2$aBioethics 615 2$aEthics, Medical 615 2$aHumanities 615 6$aÉthique médicale 615 6$aBioéthique 615 6$aMédecine et sciences humaines 615 6$aBioéthique. 615 6$aÉthique médicale. 615 6$aSciences humaines. 615 7$ahumanities. 615 7$aMedical Humanities. 615 7$aHumanities. 615 7$aBioethics. 615 7$aMedical ethics. 615 7$aMedicine and the humanities. 615 17$aGeneeskunde. 615 17$aZiekten. 615 17$aCultuur. 615 17$aSociale aspecten. 676 $a174.2 906 $aJOURNAL 912 $a996203161003316 996 $aJournal of medical humanities$92245729 997 $aUNISA